000 00606nam a2200229Ia 4500
003 OSt
005 20221007072348.0
006 a|||||r|||| 00| 0
007 ta
008 221006b |||||||| |||| 00| 0 eng d
024 _a25,881
037 _cTextual
040 _aFLL
_cFLL
_beng
041 _2eng
_aeng
082 _aZ3, K1
100 _aSmith T.B.
_9690533
245 0 _aBritish justice
_b The scottish contribution
260 _aLondon
_bStevens & Sons Ltd. London
_c1961
300 _axii,1-234p
_ccm.
942 _hZ3, K1
_cTEXL
_2CC
999 _c1145867
_d1145867